000 00654nam a2200229 i 4500
001 C2-0231477
003 PPAK
005 20180728084619.0
008 001121s1939 enk |||| ||||| | eng d
040 _aPPAK
_beng
_cPPAK
_erda
082 0 4 _a808.83
_223
090 0 0 _a808.83
_bHEM
_dKSI
100 1 _aHemingway, Ernest,
_eauthor
245 1 4 _aThe short happy life of Francis Macomber:
_band other stories
264 1 _aMiddlesex :
_bPenguin Books ,
_c1939
300 _a192 pages ;
_c17 cm
336 _2rdacontent
_atext
337 _2rdamedia
_aunmediated
338 _2rdacarrier
_avolume
650 1 0 _aShort stories - English
942 _ddc
_cB
999 _c150876
_d150876